NCAA Final Fours - Statistics

General Stats
  • This quiz has been taken 28 times
    6 since last reset
  • The average score is 75 of 435
Answer Stats
Year Champion % Correct
1939 Oregon
83%
82 North Carolina
67%
67 UCLA
67%
68 UCLA
67%
69 UCLA
67%
70 UCLA
67%
71 UCLA
67%
72 UCLA
67%
73 UCLA
67%
26 Arizona
50%
94 Arkansas
50%
10 Butler
50%
91 Duke
50%
92 Duke
50%
94 Duke
50%
99 Duke
50%
01 Duke
50%
10 Duke
50%
25 Duke
50%
06 Florida
50%
07 Florida
50%
25 Florida
50%
23 Florida Atlantic
50%
82 Georgetown
50%
84 Georgetown
50%
17 Gonzaga
50%
26 Illinois
50%
76 Indiana
50%
81 Indiana
50%
87 Indiana
50%
79 Indiana State
50%
82 James Worthy
50%
88 Kansas
50%
08 Kansas
50%
12 Kansas
50%
22 Kansas
50%
96 Kentucky
50%
98 Kentucky
50%
12 Kentucky
50%
02 Maryland
50%
08 Memphis
50%
89 Michigan
50%
93 Michigan
50%
26 Michigan
50%
79 Michigan State
50%
00 Michigan State
50%
17 North Carolina
50%
03 Syracuse
50%
64 UCLA
50%
65 UCLA
50%
75 UCLA
50%
06 UCLA
50%
04 UConn
50%
23 UConn
50%
24 UConn
50%
26 UConn
50%
90 UNLV
50%
12 Anthony Davis
33%
97 Arizona
33%
95 Arkansas
33%
72 Bill Walton
33%
92 Bobby Hurley
33%
11 Butler
33%
03 Carmelo Anthony
33%
07 Corey Brewer
33%
94 Corliss Williamson
33%
88 Duke
33%
89 Duke
33%
90 Duke
33%
15 Duke
33%
04 Emeka Okafor
33%
06 George Mason
33%
85 Georgetown
33%
21 Gonzaga
33%
83 Houston
33%
84 Houston
33%
25 Houston
33%
05 Illinois
33%
06 Joakim Noah
33%
91 Kansas
33%
03 Kansas
33%
66 Kentucky
33%
67 Lew Alcindor
33%
68 Lew Alcindor
33%
69 Lew Alcindor
33%
80 Louisville
33%
86 Louisville
33%
13 Louisville
33%
63 Loyola Chicago
33%
79 Magic Johnson
33%
08 Mario Chalmers
33%
77 Marquette
33%
01 Maryland
33%
00 Mateen Cleaves
33%
92 Michigan
33%
18 Michigan
33%
09 Michigan State
33%
74 NC State
33%
83 NC State
33%
24 NC State
33%
93 North Carolina
33%
05 North Carolina
33%
09 North Carolina
33%
22 North Carolina
33%
88 Oklahoma
33%
45 Oklahoma A&M
33%
46 Oklahoma A&M
33%
24 Purdue
33%
23 San Diego State
33%
55 San Francisco
33%
56 San Francisco
33%
89 Seton Hall
33%
19 Texas Tech
33%
66 Texas Western
33%
95 UCLA
33%
21 UCLA
33%
99 UConn
33%
11 UConn
33%
14 UConn
33%
96 UMass
33%
91 UNLV
33%
98 Utah
33%
85 Villanova
33%
18 Villanova
33%
19 Virginia
33%
83 Akeem Olajuwon
17%
24 Alabama
17%
90 Anderson Hunt
17%
88 Arizona
17%
01 Arizona
17%
90 Arkansas
17%
25 Auburn
17%
21 Baylor
17%
65 Bill Bradley
17%
55 Bill Russell
17%
73 Bill Walton
17%
77 Butch Lee
17%
59 California
17%
91 Christian Laettner
17%
61 Cincinnati
17%
62 Cincinnati
17%
92 Cincinnati
17%
88 Danny Manning
17%
80 Darrell Griffith
17%
74 David Thompson
17%
67 Dayton
17%
93 Donald Williams
17%
64 Duke
17%
78 Duke
17%
86 Duke
17%
04 Duke
17%
95 Ed O'Bannon
17%
26 Elliot Cadeau
17%
94 Florida
17%
00 Florida
17%
72 Florida State
17%
07 Georgetown
17%
83 Georgia
17%
90 Georgia Tech
17%
04 Georgia Tech
17%
89 Glen Rice
17%
47 Holy Cross
17%
21 Houston
17%
71 Howard Porter
17%
89 Illinois
17%
1940 Indiana
17%
53 Indiana
17%
92 Indiana
17%
02 Indiana
17%
80 Iowa
17%
81 Isiah Thomas
17%
70 Jacksonville
17%
98 Jeff Sheppard
17%
66 Jerry Chambers
17%
02 Juan Dixon
17%
52 Kansas
17%
93 Kansas
17%
18 Kansas
17%
87 Keith Smart
17%
11 Kemba Walker
17%
76 Kent Benson
17%
48 Kentucky
17%
49 Kentucky
17%
51 Kentucky
17%
58 Kentucky
17%
75 Kentucky
17%
78 Kentucky
17%
93 Kentucky
17%
97 Kentucky
17%
14 Kentucky
17%
10 Kyle Singler
17%
54 La Salle
17%
72 Louisville
17%
75 Louisville
17%
05 Louisville
17%
18 Loyola Chicago
17%
86 LSU
17%
06 LSU
17%
74 Marquette
17%
73 Memphis State
17%
23 Miami (FL)
17%
65 Michigan
17%
76 Michigan
17%
13 Michigan
17%
99 Michigan State
17%
05 Michigan State
17%
19 Michigan State
17%
97 Miles Simon
17%
97 Minnesota
17%
96 Mississippi State
17%
57 North Carolina
17%
68 North Carolina
17%
77 North Carolina
17%
81 North Carolina
17%
91 North Carolina
17%
95 North Carolina
17%
97 North Carolina
17%
98 North Carolina
17%
08 North Carolina
17%
60 Ohio State
17%
61 Ohio State
17%
62 Ohio State
17%
99 Ohio State
17%
07 Ohio State
17%
12 Ohio State
17%
95 Oklahoma State
17%
04 Oklahoma State
17%
84 Patrick Ewing
17%
86 Pervis Ellison
17%
87 Providence
17%
69 Purdue
17%
99 Richard Hamilton
17%
75 Richard Washington
17%
05 Sean May
17%
01 Shane Battier
17%
70 Sidney Wicks
17%
17 South Carolina
17%
42 Stanford
17%
98 Stanford
17%
85 St John's
17%
87 Syracuse
17%
96 Syracuse
17%
96 Tony Delk
17%
62 UCLA
17%
74 UCLA
17%
76 UCLA
17%
80 UCLA
17%
07 UCLA
17%
08 UCLA
17%
87 UNLV
17%
66 Utah
17%
71 Villanova
17%
16 Villanova
17%
25 Walter Clayton Jr
17%
64 Walt Hazzard
17%
00 Wisconsin
17%
43 Wyoming
17%
23 Adama Sanogo
0%
48 Alex Groza
0%
49 Alex Groza
0%
94 Arizona
0%
41 Arkansas
0%
45 Arkansas
0%
78 Arkansas
0%
44 Arnie Ferrin
0%
63 Art Heyman
0%
19 Auburn
0%
48 Baylor
0%
50 Baylor
0%
53 Bertram Born
0%
51 Bill Spivey
0%
45 Bob Kurland
0%
46 Bob Kurland
0%
50 Bradley
0%
54 Bradley
0%
46 California
0%
60 California
0%
47 CCNY
0%
50 CCNY
0%
59 Cincinnati
0%
60 Cincinnati
0%
63 Cincinnati
0%
52 Clyde Lovellette
0%
42 Colorado
0%
55 Colorado
0%
42 Dartmouth
0%
44 Dartmouth
0%
43 DePaul
0%
79 DePaul
0%
18 Donte DiVincenzo
0%
69 Drake
0%
63 Duke
0%
66 Duke
0%
22 Duke
0%
1940 Duquesne
0%
85 Ed Pinckney
0%
58 Elgin Baylor
0%
14 Florida
0%
47 George Kaftan
0%
43 Georgetown
0%
56 Hal Lear
0%
48 Holy Cross
0%
67 Houston
0%
68 Houston
0%
82 Houston
0%
42 Howie Dallmar
0%
49 Illinois
0%
51 Illinois
0%
52 Illinois
0%
73 Indiana
0%
55 Iowa
0%
56 Iowa
0%
44 Iowa State
0%
50 Irwin Dambrot
0%
78 Jack Givens
0%
21 Jared Butler
0%
60 Jerry Lucas
0%
61 Jerry Lucas
0%
59 Jerry West
0%
39 Jimmy Hull
0%
17 Joey Berry III
0%
41 John Kotz
0%
1940 Kansas
0%
53 Kansas
0%
57 Kansas
0%
71 Kansas
0%
74 Kansas
0%
86 Kansas
0%
02 Kansas
0%
48 Kansas State
0%
51 Kansas State
0%
58 Kansas State
0%
64 Kansas State
0%
43 Ken Sailors
0%
42 Kentucky
0%
84 Kentucky
0%
11 Kentucky
0%
15 Kentucky
0%
19 Kyle Guy
0%
55 La Salle
0%
59 Louisville
0%
82 Louisville
0%
83 Louisville
0%
12 Louisville
0%
53 LSU
0%
81 LSU
0%
13 Luke Hancock
0%
03 Marquette
0%
40 Marv Huffman
0%
85 Memphis State
0%
64 Michigan
0%
57 Michigan State
0%
01 Michigan State
0%
10 Michigan State
0%
15 Michigan State
0%
50 NC State
0%
70 New Mexico State
0%
45 New York
0%
60 New York
0%
46 North Carolina
0%
67 North Carolina
0%
69 North Carolina
0%
72 North Carolina
0%
00 North Carolina
0%
16 North Carolina
0%
78 Notre Dame
0%
22 Ochai Agbaji
0%
1939 Ohio State
0%
44 Ohio State
0%
45 Ohio State
0%
46 Ohio State
0%
68 Ohio State
0%
1939 Oklahoma
0%
47 Oklahoma
0%
02 Oklahoma
0%
16 Oklahoma
0%
49 Oklahoma A&M
0%
51 Oklahoma A&M
0%
17 Oregon
0%
49 Oregon State
0%
63 Oregon State
0%
62 Paul Hogue
0%
79 Penn
0%
54 Penn State
0%
41 Pittsburgh
0%
65 Princeton
0%
73 Providence
0%
80 Purdue
0%
76 Rutgers
0%
16 Ryan Arcidiacono
0%
61 Saint Joseph's
0%
57 San Francisco
0%
52 Santa Clara
0%
58 Seattle
0%
14 Shabazz Napier
0%
56 SMU
0%
70 St Bonaventure
0%
52 St. John's
0%
75 Syracuse
0%
13 Syracuse
0%
16 Syracuse
0%
56 Temple
0%
58 Temple
0%
43 Texas
0%
47 Texas
0%
03 Texas
0%
54 Tom Gola
0%
24 Tristen Newton
0%
15 Tyus Jones
0%
09 UConn
0%
77 UNC Charlotte
0%
77 UNLV
0%
1940 USC
0%
54 USC
0%
44 Utah
0%
61 Utah
0%
11 VCU
0%
1939 Villanova
0%
09 Villanova
0%
22 Villanova
0%
81 Virginia
0%
84 Virginia
0%
62 Wake Forest
0%
53 Washington
0%
41 Washington State
0%
09 Wayne Ellington
0%
71 Western Kentucky
0%
59 West Virginia
0%
10 West Virginia
0%
65 Wichita State
0%
13 Wichita State
0%
57 Wilt Chamberlain
0%
41 Wisconsin
0%
14 Wisconsin
0%
15 Wisconsin
0%
No matching quizzes found
Score Distribution
Percent of People with Each Score
Percentile by Number Answered
Your Score History
You have not taken this quiz since the last reset